LIBRARY ONLINE CATALOGUE

Modern econometrics : (Record no. 55)

MARC details
000 -LEADER
fixed length control field 00632nam a22002052 4500
001 - CONTROL NUMBER
control field 0000000185
005 - DATE AND TIME OF LATEST TRANSACTION
control field 20151021151039.0
008 - FIXED-LENGTH DATA ELEMENTS--GENERAL INFORMATION
fixed length control field 070116s xx 000 0 eng d
020 ## - INTERNATIONAL STANDARD BOOK NUMBER
International Standard Book Number 0201876969 :
Terms of availability KES 4,150
040 ## - CATALOGING SOURCE
Original cataloging agency KABU
Transcribing agency KABU
100 1# - MAIN ENTRY--PERSONAL NAME
Personal name Thomas, R. I.
-- 0000148277
245 10 - TITLE STATEMENT
Title Modern econometrics :
Remainder of title an introduction /
Statement of responsibility, etc. R. T. Thomas.
260 ## - PUBLICATION, DISTRIBUTION, ETC. (IMPRINT)
Place of publication, distribution, etc. London :
Name of publisher, distributor, etc. Prentice Hall,
Date of publication, distribution, etc. 1997.
300 ## - PHYSICAL DESCRIPTION
Extent xii, 535 p.
650 #0 - SUBJECT ADDED ENTRY--TOPICAL TERM
Topical term or geographic name as entry element Econometrics.
-- 0000148275
908 ## - PUT COMMAND PARAMETER (RLIN)
Put command parameter 070116
950 ## - LOCAL HOLDINGS (RLIN)
-- 1
Holdings
Withdrawn status Lost status Source of classification or shelving scheme Not for loan Home library Current library Date acquired Total Checkouts Full call number Barcode Date last seen Date last checked out Price effective from Koha item type Total Renewals
    Library of Congress Classification   Kabarak, Nakuru City Campus Kabarak, Nakuru City Campus 21/10/2015 1 HB139 .T46 003160 01/08/2017 28/07/2017 21/10/2015 General Collection  
    Library of Congress Classification   Kabarak, Nakuru City Campus Kabarak, Nakuru City Campus 21/10/2015 8 HB139 .T46 005398 06/03/2021 03/01/2020 21/10/2015 General Collection 7